书目信息 |
| 题名: |
国外内燃机技术条件与试验方法
|
|
| 作者: | ;天津内燃机研究所情报室 编译 | |
| 分册: | ||
| 出版信息: | 北京 机械工业出版社 1978 |
|
| 页数: | 556页 | |
| 开本: | 26cm | |
| 丛书名: | ||
| 单 册: | ||
| 中图分类: | U262 | |
| 科图分类: | ||
| 主题词: | 机车工程 | |
| 电子资源: | ||
| ISBN: | ||
| 000 | 00709nam0 2200241 45 | |
| 001 | 0178002375 | |
| 005 | 20040514081806.6 | |
| 010 | @dCNY3.65 | |
| 091 | @a15033.(内)723 | |
| 100 | @a19950731d1978 em y0chiy0121 ea | |
| 101 | 1 | @achi |
| 102 | @aCN@b110000 | |
| 105 | @ay z 000yy | |
| 106 | @ar | |
| 200 | 10 | @a国外内燃机技术条件与试验方法@Aguo wai nei ran ji ji shu tiao jian yu shiyan fang fa@f天津内燃机研究所情报室编译 |
| 210 | @a北京@c机械工业出版社@d1978 | |
| 215 | @a556页@d26cm | |
| 300 | @a国内发行 | |
| 606 | 0 | @a机车工程 |
| 690 | @aU262 | |
| 711 | 02 | @a天津内燃机研究所情报室@Atian jin nei ran ji yan jiu suo qing bao shi@4编译 |
| 801 | 0 | @aCN@bNLC@c20040514 |
| 905 | @f1@b4854@dU262@e72 | |
| 国外内燃机技术条件与试验方法/天津内燃机研究所情报室编译.-北京:机械工业出版社,1978 |
| 556页;26cm |
| 国内发行 |
| ISBN :CNY3.65 |
| ● |
| 相关链接 |
|
|
|
|
正题名:国外内燃机技术条件与试验方法
索取号:U262/72
 
预约/预借
| 序号 | 登录号 | 条形码 | 馆藏地/架位号 | 状态 | 备注 |
| 1 | 0004853 | 001482835 | 第二样本阅览室/ [索取号:U262/72] | 在馆 | |
| 2 | 0004854 | 001482826 | 第三借阅区/ [索取号:U262/72] | 在馆 |